000 00397pab a2200169 454500
008 180718b1987 xxu||||| |||| 00| 0 eng d
100 _aBradbury, Bruce
245 _aHousing and poverty in Australia
260 _c1987
300 _a95-102
362 _aApr.
650 _aHousing - Australia
700 _aJoan Vipond
700 _aChris Rossiter
773 _aUrban Studies
909 _a9854
999 _c9854
_d9854